Giáo trình giáo dục quốc phòng - an ninh Dùng cho sinh viên các trường đại học, cao đẳng T.2
Trình bày về: đội ngũ đơn vị, sử dụng bản đồ quân sự, một số loại vũ khí bộ binh, thuốc nổ, phòng chống vũ khí huỷ diệt lớn, cấp cứu ban đầu vết thương chiến tranh, ba môn quân sự phối hợp, từng người trong chiến đấu tiến công và phòng ngự, kĩ thuật bắn súng tiểu liên AK...
में बचाया:
| अन्य लेखक: | , , , , |
|---|---|
| स्वरूप: | पुस्तक |
| भाषा: | Vietnamese |
| प्रकाशित: |
H.
Giáo dục
2008
|
| विषय: | |
| टैग : |
टैग जोड़ें
कोई टैग नहीं, इस रिकॉर्ड को टैग करने वाले पहले व्यक्ति बनें!
|
| Thư viện lưu trữ: | Mạng thư viện Đại học Đà Nẵng |
|---|
| LEADER | 02079aam a22004458a 4500 | ||
|---|---|---|---|
| 001 | 000007516 | ||
| 003 | 3678 | ||
| 005 | 20111005091045.0 | ||
| 008 | 111005s2008 viesd | ||
| 020 | |c 23000đ |d 10000b | ||
| 041 | 0 | |a vie | |
| 082 | 1 | 4 | |2 14 |a 355.0071 |b Gia |
| 245 | 0 | 0 | |a Giáo trình giáo dục quốc phòng - an ninh |b Dùng cho sinh viên các trường đại học, cao đẳng |c Nguyễn Tiến Hải, Nguyễn Hữu Hảo, Phan Tân Hưng.. |n T.2 |
| 260 | |a H. |b Giáo dục |c 2008 | ||
| 300 | |a 223 tr. |b hình vẽ, bảng |c 24cm | ||
| 504 | |a Phụ lục: tr. 219 - Thư mục: tr. 220 | ||
| 520 | |a Trình bày về: đội ngũ đơn vị, sử dụng bản đồ quân sự, một số loại vũ khí bộ binh, thuốc nổ, phòng chống vũ khí huỷ diệt lớn, cấp cứu ban đầu vết thương chiến tranh, ba môn quân sự phối hợp, từng người trong chiến đấu tiến công và phòng ngự, kĩ thuật bắn súng tiểu liên AK | ||
| 650 | 7 | |2 Bộ TK TVQG |a Giáo dục quân sự | |
| 650 | 7 | |2 Bộ TK TVQG |a An ninh quốc phòng | |
| 650 | 7 | |2 Bộ TK TVQG |a Quốc phòng | |
| 650 | 7 | |2 Bộ TK TVQG |a An ninh | |
| 655 | 7 | |2 Bộ TK TVQG |a Giáo trình | |
| 700 | 1 | |a Nguyễn Tiến Hải | |
| 700 | 1 | |a Nguyễn Hữu Hảo | |
| 700 | 1 | |a Phan Tân Hưng | |
| 700 | 1 | |a Nguyễn Đình Lưu | |
| 700 | 1 | |a Nguyễn Thanh Nghị | |
| 773 | |b Tái bản lần 1 |d H. |d 2009 |d Giáo dục |t Giáo trình quốc phòng - an ninh |w 412308 | ||
| 773 | |t Giáo trình giáo dục quốc phòng - an ninh |w 3674 | ||
| 910 | |a Nguyễn Thị Kim Oanh |d 05/10/2011 | ||
| OWN | |a LSP | ||
| AVA | |a UDN50 |b LSP |d 355.0071 Gia |e check_holdings |t Error 5003 Not defined in file expand_doc_bib_avail. |h N |k 1 | ||
| 999 | |a From the UDN01 | ||
| AVA | |a UDN50 |b LSP |d 355.0071 Gia |e available |t Error 5001 Not defined in file expand_doc_bib_avail. |f 40 |g 0 |h N |i 0 |k 1 | ||
| TYP | |a Monograph | ||
| TYP | |a Printed language | ||
| 980 | |a Mạng thư viện Đại học Đà Nẵng | ||